Statistics for WWE - The Rock's PPV Opponents

Click here to take the quiz!

General Stats

  • This quiz has been taken 507 times
    (42 since last reset)
  • The average score is 89 of 121

Answer Stats

YearEventMatch TypeAnswer% Correct
2001Survivor Series5 vs. 5 Elimination MatchStone Cold Steve Austin
100%
2003WrestleMania XIXStone Cold Steve Austin
100%
2000Armageddon6-Man Hell in a Cell MatchStone Cold Steve Austin
100%
1997In Your House 19: D-Generation XStone Cold Steve Austin
100%
2000RebellionFatal 4-Way MatchStone Cold Steve Austin
100%
1999BacklashStone Cold Steve Austin
100%
1999WrestleMania XVStone Cold Steve Austin
100%
2001WrestleMania X-SevenNo DQ MatchStone Cold Steve Austin
100%
2001RebellionStone Cold Steve Austin
100%
1997In Your House 13: Final FourHunter Hearst Helmsley
97%
1996Survivor Series4 vs. 4 Elimination MatchHunter Hearst Helmsley
97%
2012WrestleMania XXVIIIJohn Cena
97%
2013WrestleMania 29John Cena
97%
1999St. Valentine's Day MassacreLast Man Standing MatchMankind
97%
1998Rock BottomMankind
97%
1998BreakdownTriple Threat Steel Cage MatchMankind
97%
1999Royal Rumble"I Quit" MatchMankind
97%
1998Survivor SeriesDeadly Games Tournament FinalsMankind
97%
1999Unforgiven6-Pack Challenge MatchMankind
97%
1997In Your House 15: A Cold Day In HellMankind
97%
2000WrestleMania 16Mick Foley
97%
2024WrestleMania XLTag Team MatchSeth Rollins
97%
2000Armageddon6-Man Hell in a Cell MatchThe Undertaker
97%
2002VengeanceTriple Threat MatchThe Undertaker
97%
1999King of the RingThe Undertaker
97%
2000UnforgivenFatal 4-Way MatchThe Undertaker
97%
2002No Way OutThe Undertaker
97%
1998Survivor SeriesDeadly Games Tournament Semi-FinalsThe Undertaker
97%
1999Over the EdgeTriple H
97%
1999Unforgiven6-Pack Challenge MatchTriple H
97%
2000Judgment Day60-Minute Iron Man MatchTriple H
97%
2000InsurrextionTriple Threat MatchTriple H
97%
2000BacklashTriple H
97%
1999RebellionSteel Cage MatchTriple H
97%
1999Fully LoadedLeather Strap MatchTriple H
97%
2000King of the RingSix-Man Tag Team MatchTriple H
97%
1999Survivor SeriesTriple Threat MatchTriple H
97%
2000Armageddon6-Man Hell in a Cell MatchTriple H
97%
1998SummerSlamLadder MatchTriple H
97%
1998Fully LoadedBest 2 out of 3 Falls MatchTriple H
97%
2000WrestleMania 16Triple H
97%
2000SummerSlamTriple Threat MatchTriple H
97%
2024WrestleMania XLTag Team MatchCody Rhodes
93%
2000UnforgivenFatal 4-Way MatchKane
93%
1999Unforgiven6-Pack Challenge MatchKane
93%
2003No Way OutHulk Hogan
87%
2000King of the RingSix-Man Tag Team MatchVince McMahon
87%
2004WrestleMania XX3-on-2 Handicap MatchBatista
83%
2002SummerSlamBrock Lesnar
83%
2000Armageddon6-Man Hell in a Cell MatchKurt Angle
83%
2001Survivor Series5 vs. 5 Elimination MatchKurt Angle
83%
2002VengeanceTriple Threat MatchKurt Angle
83%
2000RebellionFatal 4-Way MatchKurt Angle
83%
2000No MercyNo DQ MatchKurt Angle
83%
2000SummerSlamTriple Threat MatchKurt Angle
83%
2001No Way OutKurt Angle
83%
2004WrestleMania XX3-on-2 Handicap MatchRic Flair
83%
2000WrestleMania 16The Big Show
83%
2000No Way OutThe Big Show
83%
1999Survivor SeriesTriple Threat MatchThe Big Show
83%
1999Unforgiven6-Pack Challenge MatchThe Big Show
83%
2013Royal RumbleCM Punk
80%
2013Elimination ChamberCM Punk
80%
2002WrestleMania X8Hollywood Hulk Hogan
80%
2004WrestleMania XX3-on-2 Handicap MatchRandy Orton
80%
2001Unforgiven2-on-1 Handicap MatchShane McMahon
80%
2000InsurrextionTriple Threat MatchShane McMahon
80%
2001Survivor Series5 vs. 5 Elimination MatchShane McMahon
80%
2000King of the RingSix-Man Tag Team MatchShane McMahon
80%
2001No MercyChris Jericho
73%
2002Royal RumbleChris Jericho
73%
2001VengeanceUndisputed Title Tournament MatchChris Jericho
73%
2003BacklashGoldberg
73%
1998Mayhem in ManchesterTag Team MatchOwen Hart
70%
2000Survivor SeriesRikishi
70%
2000RebellionFatal 4-Way MatchRikishi
70%
2000Armageddon6-Man Hell in a Cell MatchRikishi
70%
1999ArmageddonTag Team MatchRoad Dogg
70%
2011Survivor SeriesTag Team MatchThe Miz
70%
2001Survivor Series5 vs. 5 Elimination MatchBooker T
67%
2001SummerSlamBooker T
67%
2001Unforgiven2-on-1 Handicap MatchBooker T
67%
2011Survivor SeriesTag Team MatchR-Truth
67%
2016WrestleMania 32Erick Rowan
63%
1999ArmageddonTag Team MatchMr. Ass
63%
1999SummerSlamKiss My Ass MatchMr. Ass
63%
1998Survivor SeriesDeadly Games Tournament 1st RoundThe Big Boss Man
63%
1998Capital CarnageX-Pac
63%
2001Survivor Series5 vs. 5 Elimination MatchRob Van Dam
60%
2000Fully LoadedChris Benoit
57%
2000UnforgivenFatal 4-Way MatchChris Benoit
57%
1998Mayhem in ManchesterTag Team MatchKen Shamrock
57%
1998Survivor SeriesDeadly Games Tournament QuarterfinalsKen Shamrock
57%
1997Survivor Series4 vs. 4 Elimination MatchKen Shamrock
57%
1998No Way Out Of Texas10-Man Tag Team MatchKen Shamrock
57%
1998BreakdownTriple Threat Steel Cage MatchKen Shamrock
57%
1998King of the RingKOTR FinalsKen Shamrock
57%
1998Royal RumbleKen Shamrock
57%
1998Unforgiven6-Man Tag Team MatchKen Shamrock
57%
1998WrestleMania XIVKen Shamrock
57%
1996Survivor Series4 vs. 4 Elimination MatchGoldust
53%
1998Unforgiven6-Man Tag Team MatchFaarooq
50%
1998Over the EdgeFaarooq
50%
1999No MercyThe British Bulldog
50%
1999Unforgiven6-Pack Challenge MatchThe British Bulldog
50%
1998Judgment DayMark Henry
47%
1997In Your House 14: Revenge Of The 'TakerSavio Vega
33%
1997Survivor Series4 vs. 4 Elimination MatchAhmed Johnson
27%
1997Survivor Series4 vs. 4 Elimination MatchAnimal
27%
1997In Your House 18: Badd Blood3-on-2 Handicap MatchAnimal
27%
1997Survivor Series4 vs. 4 Elimination MatchHawk
27%
1997In Your House 18: Badd Blood3-on-2 Handicap MatchHawk
27%
1996Survivor Series4 vs. 4 Elimination MatchJerry Lawler
27%
1998Unforgiven6-Man Tag Team MatchSteve Blackman
23%
1997WrestleMania 13The Sultan
20%
1998No Way Out Of Texas10-Man Tag Team Match8-Ball
13%
1998No Way Out Of Texas10-Man Tag Team MatchChainz
13%
1998No Way Out Of Texas10-Man Tag Team MatchCrush
13%
1996Survivor Series4 vs. 4 Elimination MatchCrush
13%
1998King of the RingKOTR Semi-FinalsDan Severn
10%
1998No Way Out Of Texas10-Man Tag Team MatchSkull
7%

Score Distribution

Percentile by Number Answered

Percent of People with Each Score

Your Score History

You have not taken this quiz since the last reset